000 01425nam a2200373 a 4500
001 ebr10516629
003 CaPaEBR
006 m u
007 cr cn|||||||||
008 920319s1992 dcuad sb 001 0 eng d
010 _z 92012600
020 _z1563470330
020 _z9781563470332
020 _z9781600860911 (e-book)
040 _aCaPaEBR
_cCaPaEBR
035 _a(OCoLC)301233883
050 1 4 _aTA660.S5
_bP345 1992eb
082 0 4 _a624.1/7762
_220
100 1 _aPalazotto, Anthony N.
245 1 0 _aNonlinear analysis of shell structures
_h[electronic resource] /
_cAnthony N. Palazotto, Scott T. Dennis.
260 _aWashington, D.C. :
_bAmerican Institute of Aeronautics and Astronautics, Inc.,
_cc1992.
300 _axv, 251 p. :
_bill.
490 1 _aAIAA education series
504 _aIncludes bibliographical references and index.
533 _aElectronic reproduction.
_bPalo Alto, Calif. :
_cebrary,
_d2013.
_nAvailable via World Wide Web.
_nAccess may be limited to ebrary affiliated libraries.
650 0 _aShells (Engineering)
650 0 _aNonlinear theories.
650 0 _aComposite construction.
655 7 _aElectronic books.
_2local
700 1 _aDennis, Scott T.
710 2 _aebrary, Inc.
830 0 _aAIAA education series.
856 4 0 _uhttp://site.ebrary.com/lib/rucke/Doc?id=10516629
_zAn electronic book accessible through the World Wide Web; click to view
999 _c224202
_d224202